miasta w Polsce na literę R - Statystyki

Ogólne statystyki
  • Ten quiz został rozwiązany 30 razy
  • Średni wynik to 21 z 48
Statystyki odpowiedzi
województwo miasto % Poprawnych
mazowieckie Radom
100%
podkarpackie Rzeszów
90%
łódzkie Radomsko
86%
śląskie Rybnik
83%
malopolskie Rabka-Zdrój
76%
śląskie Racibórz
69%
kujawsko-pomorskie Rypin
69%
pomorskie Reda
66%
pomorskie Rumia
66%
śląskie Ruda Śląska
62%
śląskie Radlin
59%
warmińsko-mazurskie Ryn
59%
śląskie Radzionków
55%
łódzkie Rawa Mazowiecka
55%
podkarpackie Ropczyce
55%
lubelskie Ryki
55%
lubuskie Rzepin
55%
kujawsko-pomorskie Radziejów
52%
wielkopolskie Rawicz
48%
podkarpackie Rymanów
48%
mazowieckie Radzymin
45%
lubelskie Radzyń Podlaski
45%
mazowieckie Raciąż
41%
małopolskie Radłów
41%
śląskie Rydułtowy
41%
podkarpackie Rudnik nad Sanem
38%
podkarpackie Radymno
34%
kujawsko-pomorskie Radzyń Chełmiński
34%
podlaskie Rajgród
34%
warmińsko-mazurskie Reszel
34%
łódzkie Rzgów
34%
dolnośląskie Radków
31%
świętokrzyskie Radoszyce
31%
lubelskie Rejowiec
31%
lubelskie Rejowiec Fabryczny
28%
zachodniopomorskie Resko
28%
warmińsko-mazurskie Ruciane-Nida
28%
wielkopolskie Rychwał
28%
podkarpackie Radomyśl Wielki
24%
wielkopolskie Rakoniewice
24%
zachodniopomorskie Recz
24%
wielkopolskie Rydzyna
24%
wielkopolskie Rogoźno
21%
mazowieckie Różan
17%
małopolskie Ryglice
17%
łódzkie Rozprza
14%
wielkopolskie Rychtal
14%
wielkopolskie Raszków
7%
Nie znaleziono quizów pasujących do podanych kryteriów
Rozkład punktacji
Procent ludzi z każdym wynikiem
Percentyl według liczby udzielonych odpowiedzi
Twoja historia wyników
Nie rozwiązałeś tego quizu